000 00327nam a2200133Ia 4500
008 240624s9999 xx 000 0 und d
041 _aeng
082 _a823 MUR
100 _aMURTY SUDHA
245 _aWISE AND OTHERWISE
260 _c2016
_aPune
_bMehta Publishing House
300 _aviii, 206 p.; 23 cm.
365 _cRS
_b25
999 _c30398
_d30398